000 00485nam a2200181Ia 4500
001 18870
005 20260306171702.0
008 260306s9999||||xx |||||||||||||| ||und||
041 _aESP
082 _a658.503
_bV935
100 _aVelasco Sánchez, Juan
_eAUT
245 0 _aGestión de la producción en la empresa:
_bplanificación, programación y control
260 _c2013
300 _a354 páginas :
_c24 cm.
650 _aGEN
654 _aCAN
942 _cLIB
_dJUS
_fJUS
_2ddc
_n
999 _c18870
_d18870